ORAL & MAXILLOFACIAL SURGERY (Record no. 3555)

MARC details
000 -LEADER
fixed length control field 00380nam a2200145Ia 4500
008 - FIXED-LENGTH DATA ELEMENTS--GENERAL INFORMATION
fixed length control field 150201s2000 xx 000 0 und d
082 ## - DEWEY DECIMAL CLASSIFICATION NUMBER
Classification number 617.525
Item number O2000F
100 ## - MAIN ENTRY--PERSONAL NAME
Personal name FONSECA,RAYMOND J.
245 ## - TITLE STATEMENT
Title ORAL & MAXILLOFACIAL SURGERY
250 ## - EDITION STATEMENT
Edition statement RECENT
260 ## - PUBLICATION, DISTRIBUTION, ETC. (IMPRINT)
Name of publisher, distributor, etc. W.B.SAUNDERS PUBLICATION
Place of publication, distribution, etc. PHILADELPHIA
Date of publication, distribution, etc. 2000
300 ## - PHYSICAL DESCRIPTION
Extent 1-706
650 ## - SUBJECT ADDED ENTRY--TOPICAL TERM
Topical term or geographic name as entry element ORAL SURGERY
942 ## - ADDED ENTRY ELEMENTS (KOHA)
Source of classification or shelving scheme Dewey Decimal Classification
Koha item type Books
Koha issues (borrowed), all copies 4
Holdings
Withdrawn status Lost status Source of classification or shelving scheme Damaged status Not for loan Home library Current library Date acquired Source of acquisition Cost, normal purchase price Serial Enumeration / chronology SGTU Bill Number Total Checkouts Full call number Barcode Date last seen Bill Date Koha item type Date last checked out
    Dewey Decimal Classification     SGT Dental Library SGT Dental Library 07/02/2007 U.B.S.DELHI 45825.00 1 SGTU 1095   617.525 O2000F FD4091 09/02/2015 08/08/2012 Books  
    Dewey Decimal Classification     SGT Dental Library SGT Dental Library 07/02/2007 U.B.S.DELHI   2 SGTU 1095 2 617.525 O2000F FD4092 05/05/2026 08/08/2012 Books 27/04/2026
    Dewey Decimal Classification     SGT Dental Library SGT Dental Library 07/02/2007 U.B.S.DELHI   3 SGTU 1095 3 617.525 O2000F FD4093 24/07/2025 08/08/2012 Books 19/07/2025
    Dewey Decimal Classification     SGT Dental Library SGT Dental Library 07/02/2007 U.B.S.DELHI   4 SGTU 1095   617.525 O2000F FD4094 09/02/2015 08/08/2012 Books  
    Dewey Decimal Classification     SGT Dental Library SGT Dental Library 07/02/2007 U.B.S.DELHI   5 SGTU 1095   617.525 O2000F FD4095 09/02/2015 08/08/2012 Books  
    Dewey Decimal Classification     SGT Dental Library SGT Dental Library 07/02/2007 U.B.S.DELHI   6 SGTU 1095 1 617.525 O2000F FD4096 19/09/2024 08/08/2012 Books 04/09/2024
    Dewey Decimal Classification     SGT Dental Library SGT Dental Library 07/02/2007 U.B.S.DELHI   7 SGTU 1095 2 617.525 O2000F FD4097 10/03/2023 08/08/2012 Books 09/03/2023